| 000 | 00516nam a2200169 i 4500 | ||
|---|---|---|---|
| 001 | 34379 | ||
| 003 | ES-MaACL | ||
| 005 | 20230906154925.0 | ||
| 007 | t| | ||
| 008 | 030204s1973 sp ||||1| spa d | ||
| 100 | 1 |
_aBlaug, Mark. _929424 |
|
| 245 | 1 | 0 |
_aTeoría económica de Ricardo _b: un estudio histórico / _cMark Blaug ; [traducción de Marcial Suárez]. |
| 260 |
_a[Madrid] : _bAyuso, _c[1973?] |
||
| 300 |
_a425 p. ; _c21 cm. |
||
| 700 | 0 |
_aSuárez, Marcial. _9108573 |
|
| 852 |
_aES-MaACL _jC-54350 _bR.87316 |
||
| 999 |
_c34379 _d34379 |
||